000 00731nam a2200241 a 4500
001 86487
003 BD-RjUL
005 20260518144931.0
008 260517s1896 enk 000 1 eng d
035 _a(BD-RjUL)86487
040 _aBD-RjUL
_beng
_cBD-RjUL
_dBD-RjUL
041 1 _aeng
_hfre
082 _223
_a843.7
_bBAP 1896
100 1 _aBalzac, Honoré de,
_d1799-1850.
_974703
245 1 4 _aThe poor relations :
_bfirst episode /
_cby Honoré de Balzac
250 _aCaxton ed.
260 _aLondon :
_bCaxton Publishing Company,
_c1896.
300 _av. :
_bill. ;
_c22 cm
500 _aTranslated from the French
505 0 1 _aVol.1--Vol.2--
650 0 _aFrench fiction
_xTranslations into English
_964311
942 _2ddc
_cBK
999 _c86487
_d86487